LEADER 00992nam0-22003491i-450- 001 990001204900403321 005 20070531150734.0 010 $a0-7204-2814-9 035 $a000120490 035 $aFED01000120490 035 $a(Aleph)000120490FED01 035 $a000120490 100 $a20001205d1975----km-y0itay50------ba 101 0 $aeng 200 1 $aInfinite and finite sets$fedited by A. Hajnal, R. Rado, Vera T. Sos 210 $aAmsterdam$cNorth-Holland$d1975 225 1 $aColloquia mathematica Societatis János Bolyai$v10-13 300 $aV. I, II, III 610 0 $aCombinatoria$aCongressi 702 1$aHajnal,$bAndras 702 1$aRado,$bR. 702 1$aSós,$bVera T. 801 0$aIT$bUNINA$gRICA$2UNIMARC 901 $aBK 912 $a990001204900403321 952 $a7-H-33-(1$b18412$fMA1 952 $a7-H-33-(2$b18413$fMA1 952 $a7-H-33-(3$b18414$fMA1 959 $aMA1 962 $a05-06 996 $aInfinite and finite sets$9343620 997 $aUNINA LEADER 00945nam 2200289 450 001 9910432456803321 005 20250408132017.0 010 $a9788815290816 100 $a20210204d2020----u y0engy50 ba 101 0 $aita 102 $aIT 105 0 $aa 00 200 1 $aRapporto annuale sull'economia dell'immigrazione$eedizione 2020$edieci anni di economia dell'immigrazione$fFondazione Leone Moressa 210 $aBologna$cil Mulino$d2020 215 $a208 p.$cill.$d22 cm 320 $aContiene riferimenti bibl. (pp. 191-204) 610 0 $aImmigrazioni$aItalia$aSec. 21. 610 0 $aStranieri$aItalia$aSec. 21. 676 $a331.62$v22$zita 710 02$aFondazione Leone Moressa$4570$0479608 912 $a9910432456803321 952 $aMIGR. 146$b753/2021$fFSPBC 952 $a331.62 MOR 8$b8020$fbfs 959 $aFSPBC 959 $aBFS 996 $aRapporto annuale sull'economia dell'immigrazione$940546 997 $aUNINA